[Event "IECG CP.2009.P.00005 email"]
[Site "IECG email"]
[Date "2009.10.01"]
[Round "?"]
[White "Manaschev, Erlan"]
[Black "Ferrari, Cristiano"]
[Result "0-1"]
[WhiteElo "576"]
[BlackElo "1580"]
[PlyCount "54"]
[EventDate "2009.10.01"]
[EventType "tourn (corr)"]
[EventRounds "6"]
[EventCountry "ARG"]
[SourceTitle "Corr 2024"]
[Source "ChessBase"]
[SourceDate "2023.10.19"]
[SourceVersion "1"]
[SourceVersionDate "2023.10.19"]
[SourceQuality "1"]

1. e4 c5 2. Nc3 Nc6 3. Nf3 a6 4. d3 d6 5. Be2 Nf6 6. 0-0 e6 7. Bg5 Be7 8. Bxf6 Bxf6 9. Qd2 0-0 10. a3 Nd4 11. Nxd4 cxd4 12. Nd1 e5 13. b4 Bg5 14. Qe1 Be6 15. Nc3 dxc3 16. Qxc3 Rc8 17. Qb2 b5 18. c3 Qc7 19. Bf3 Qxc3 20. Qe2 Bc1 21. Rb1 Bxa3 22. h3 Bxb4 23. Rfc1 Qxc1+ 24. Rxc1 Rxc1+ 25. Kh2 Rfc8 26. Qb2 a5 27. g3 R8c2 0-1

[Event "IECG TE.2008.P.02528 email"]
[Site "IECG email"]
[Date "2008.03.15"]
[Round "1"]
[White "Manaschev, Erlan"]
[Black "Vujadinovic, Milan"]
[Result "0-1"]
[WhiteElo "580"]
[BlackElo "2049"]
[PlyCount "40"]
[EventDate "2008.03.15"]
[EventType "tourn (corr)"]
[EventRounds "12"]
[SourceTitle "Corr 2024"]
[Source "ChessBase"]
[SourceDate "2023.10.19"]
[SourceVersion "1"]
[SourceVersionDate "2023.10.19"]
[SourceQuality "1"]

1. d4 d5 2. c4 c6 3. Nc3 Nf6 4. e3 e6 5. Nf3 Nbd7 6. Qc2 Bd6 7. Bd3 0-0 8. 0-0 h6 9. Bd2 dxc4 10. Bxc4 e5 11. dxe5 Nxe5 12. Nxe5 Bxe5 13. e4 Re8 14. Rad1 Bg4 15. Rc1 b5 16. Bb3 b4 17. Na4 Nxe4 18. Bxb4 Bf3 19. g3 Qd7 20. Nc5 Qh3 0-1

[Event "IECG TE.2008.P.02528 email"]
[Site "IECG email"]
[Date "2008.03.15"]
[Round "1"]
[White "Vujadinovic, Milan"]
[Black "Manaschev, Erlan"]
[Result "1-0"]
[WhiteElo "2049"]
[BlackElo "580"]
[PlyCount "35"]
[EventDate "2008.03.15"]
[EventType "tourn (corr)"]
[EventRounds "12"]
[SourceTitle "Corr 2024"]
[Source "ChessBase"]
[SourceDate "2023.10.19"]
[SourceVersion "1"]
[SourceVersionDate "2023.10.19"]
[SourceQuality "1"]

1. d4 d5 2. c4 c6 3. Nc3 Nf6 4. e3 e6 5. Nf3 Nbd7 6. Qc2 Be7 7. Be2 0-0 8. 0-0 dxc4 9. Bxc4 b5 10. Bd3 Bb4 11. e4 Bxc3 12. bxc3 Ba6 13. e5 Ne8 14. Bxh7+ Kh8 15. Ng5 g6 16. Qd3 Ng7 17. Bxg6 f5 18. Qh3+ 1-0

[Event "IECG CP.2007.P.00052 email"]
[Site "IECG email"]
[Date "2007.10.01"]
[Round "?"]
[White "Manaschev, Erlan"]
[Black "Deidun, Joseph Jr"]
[Result "0-1"]
[WhiteElo "584"]
[BlackElo "1939"]
[PlyCount "58"]
[EventDate "2007.10.01"]
[EventType "tourn (corr)"]
[EventRounds "6"]
[SourceTitle "Corr 2011"]
[Source "ChessBase"]
[SourceDate "2010.08.31"]
[SourceVersion "1"]
[SourceVersionDate "2010.08.31"]
[SourceQuality "1"]

1. e4 c6 2. Nf3 d5 3. d3 dxe4 4. dxe4 Qxd1+ 5. Kxd1 Bg4 6. Bd2 Nd7 7. Be2 Ngf6 8. Nc3 e5 9. h3 Bh5 10. g4 Bg6 11. g5 Nxe4 12. Nxe4 Bxe4 13. Rg1 0-0-0 14. Rg3 Bd6 15. Rg4 Bf5 16. Rh4 Rhe8 17. Ra4 Nb6 18. Rxa7 Kb8 19. Ra5 Bb4 20. Rxe5 Rxd2+ 21. Nxd2 Rxe5 22. Nf3 Bxc2+ 23. Kxc2 Rxe2+ 24. Kb3 Rxf2 25. Kxb4 Rxf3 26. Re1 Nd5+ 27. Kc5 Kc7 28. h4 Rf4 29. h5 b6# 0-1

[Event "IECG TE.2007.P.02413 email"]
[Site "IECG email"]
[Date "2007.03.31"]
[Round "?"]
[White "Lo Conte, Vittorio"]
[Black "Manaschev, Erlan"]
[Result "1-0"]
[WhiteElo "2028"]
[BlackElo "584"]
[PlyCount "69"]
[EventDate "2007.03.31"]
[EventType "tourn (corr)"]
[EventRounds "12"]
[SourceTitle "Corr 2024"]
[Source "ChessBase"]
[SourceDate "2023.10.19"]
[SourceVersion "1"]
[SourceVersionDate "2023.10.19"]
[SourceQuality "1"]

1. d4 d5 2. c4 e5 3. dxe5 Bb4+ 4. Bd2 Bxd2+ 5. Nxd2 Nc6 6. Ngf3 Be6 7. e3 Nge7 8. cxd5 Nxd5 9. Bb5 0-0 10. Bxc6 bxc6 11. 0-0 Rb8 12. b3 Nc3 13. Qc2 Nd5 14. Qxc6 Nb4 15. Qc3 Nd5 16. Qa5 Rb7 17. Rfd1 Nb4 18. Ne4 Qe7 19. Nd4 Bd5 20. Nc3 c5 21. Nxd5 Nxd5 22. Nc6 Qc7 23. Qxc5 Nb4 24. Rac1 Nxc6 25. Qxc6 Qxc6 26. Rxc6 Re8 27. f4 Rb4 28. Rd7 Re4 29. Rcc7 h6 30. Rxf7 Kh7 31. Rxg7+ Kh8 32. f5 Rc8 33. Rh7+ Kg8 34. Rcg7+ Kf8 35. f6 1-0

[Event "IECG TE.2006.P.02318 email"]
[Site "IECG email"]
[Date "2006.12.20"]
[Round "?"]
[White "Manaschev, Erlan"]
[Black "Niewold, Jaap"]
[Result "0-1"]
[WhiteElo "584"]
[BlackElo "1681"]
[PlyCount "72"]
[EventDate "2006.12.20"]
[EventType "tourn (corr)"]
[EventRounds "12"]
[SourceTitle "Corr 2024"]
[Source "ChessBase"]
[SourceDate "2023.10.19"]
[SourceVersion "1"]
[SourceVersionDate "2023.10.19"]
[SourceQuality "1"]

1. e4 c5 2. c3 Nf6 3. e5 Nd5 4. d4 cxd4 5. Nf3 Nc6 6. Bc4 Nb6 7. b3 Nxc4 8. bxc4 dxc3 9. Nxc3 Qa5 10. Bd2 Nxe5 11. Nb5 Nxf3+ 12. Qxf3 Qb6 13. Be3 Qd8 14. Bxa7 Qa5+ 15. Kd1 Rxa7 16. Nxa7 Qxa7 17. Re1 Qd4+ 18. Ke2 e6 19. Kf1 Qxc4+ 20. Kg1 Bc5 21. Rac1 Qb4 22. Qg3 0-0 23. a3 Qxa3 24. Rc3 Qb4 25. Rec1 b6 26. Rc4 Qd2 27. R4c2 Qd5 28. h3 Bb7 29. Kh2 Bd6 30. f4 Qf5 31. Qf2 Bxf4+ 32. Kg1 Bxc1 33. Qxf5 Be3+ 34. Qf2 Bxf2+ 35. Kxf2 Rb8 36. Rc7 Bc6 0-1

[Event "IECG TE.2006.P.02318 email"]
[Site "IECG email"]
[Date "2006.12.20"]
[Round "?"]
[White "Niewold, Jaap"]
[Black "Manaschev, Erlan"]
[Result "1-0"]
[WhiteElo "1681"]
[BlackElo "584"]
[PlyCount "47"]
[EventDate "2006.12.20"]
[EventType "tourn (corr)"]
[EventRounds "12"]
[SourceTitle "Corr 2024"]
[Source "ChessBase"]
[SourceDate "2023.10.19"]
[SourceVersion "1"]
[SourceVersionDate "2023.10.19"]
[SourceQuality "1"]

1. e4 c5 2. c3 d5 3. exd5 Qxd5 4. d4 Nf6 5. Nf3 e6 6. Be2 Be7 7. 0-0 0-0 8. Be3 Nc6 9. dxc5 Qxd1 10. Rxd1 e5 11. h3 e4 12. Nd4 Bxc5 13. Nxc6 bxc6 14. Bxc5 Re8 15. Rd6 Bb7 16. Nd2 Re5 17. Nb3 Nd5 18. Rd1 Nf4 19. Bc4 h6 20. Rd8+ Kh7 21. Rxa8 Bxa8 22. Rd8 Rg5 23. Be3 Nxh3+ 24. Kf1 1-0

[Event "IECG CP.2006.P.00003 email"]
[Site "IECG email"]
[Date "2006.12.05"]
[Round "?"]
[White "Manaschev, Erlan"]
[Black "Krupa, Bartlomiej"]
[Result "0-1"]
[WhiteElo "584"]
[BlackElo "2088"]
[PlyCount "46"]
[EventDate "2006.10.01"]
[EventType "tourn (corr)"]
[EventRounds "6"]
[SourceTitle "Corr 2011"]
[Source "ChessBase"]
[SourceDate "2010.08.31"]
[SourceVersion "1"]
[SourceVersionDate "2010.08.31"]
[SourceQuality "1"]

1. e4 c5 2. Nf3 d6 3. Bc4 Nf6 4. Nc3 e6 5. a3 Be7 6. 0-0 0-0 7. d3 Nc6 8. Bg5 a6 9. Bxf6 Bxf6 10. Qd2 b5 11. Ba2 Bb7 12. Qe3 Nd4 13. Rfc1 d5 14. e5 Nxf3+ 15. gxf3 d4 16. Qe1 dxc3 17. exf6 cxb2 18. fxg7 Qg5+ 19. Kf1 Rfd8 20. Rcb1 Bxf3 21. Qe3 Qg2+ 22. Ke1 bxa1Q 23. Rxa1 Qg1+ 0-1

[Event "IECG TE.2006.P.02102"]
[Site "IECG email"]
[Date "2006.03.17"]
[Round "?"]
[White "Manaschev, Erlan"]
[Black "Deschamp, Guy"]
[Result "0-1"]
[WhiteElo "584"]
[BlackElo "2377"]
[PlyCount "38"]
[EventDate "2006.03.17"]
[EventType "tourn (corr)"]
[EventRounds "2"]
[SourceTitle "Corr 2008"]
[Source "ChessBase"]
[SourceDate "2008.06.24"]
[SourceVersion "1"]
[SourceVersionDate "2008.06.24"]
[SourceQuality "1"]

1. e4 c5 2. f4 d5 3. e5 Nc6 4. d3 g6 5. Na3 f6 6. exf6 exf6 7. Bd2 Qb6 8. Qe2+ Nge7 9. 0-0-0 Bd7 10. Nf3 0-0-0 11. g3 Nd4 12. Qe3 Nef5 13. Qf2 c4 14. Qg2 Bxa3 15. bxa3 Ne3 16. Bxe3 c3 17. Re1 Bg4 18. Be2 Qb2+ 19. Kd1 Qxc2# 0-1

[Event "IECG TE.2006.P.02102"]
[Site "IECG email"]
[Date "2006.03.17"]
[Round "?"]
[White "Manaschev, Erlan"]
[Black "Lapperriere, Romuald"]
[Result "0-1"]
[WhiteElo "584"]
[BlackElo "1310"]
[PlyCount "25"]
[EventDate "2006.03.17"]
[EventType "tourn (corr)"]
[EventRounds "2"]
[SourceTitle "Corr 2024"]
[Source "ChessBase"]
[SourceDate "2023.10.19"]
[SourceVersion "1"]
[SourceVersionDate "2023.10.19"]
[SourceQuality "1"]

1. e4 c5 2. f4 e6 3. Nf3 a6 4. d3 Nc6 5. Nc3 d5 6. e5 Nge7 7. Be2 Qb6 8. Ng5 h6 9. Nh3 Bd7 10. Be3 Qxb2 11. Na4 Qa3 12. c3 Nd4 13. cxd4 0-1

[Event "IECG TE.2006.P.02102"]
[Site "IECG email"]
[Date "2006.03.17"]
[Round "?"]
[White "Sarihan, Sefa"]
[Black "Manaschev, Erlan"]
[Result "1-0"]
[WhiteElo "1000"]
[BlackElo "584"]
[PlyCount "63"]
[EventDate "2006.03.17"]
[EventType "tourn (corr)"]
[EventRounds "2"]
[SourceTitle "Corr 2008"]
[Source "ChessBase"]
[SourceDate "2008.06.24"]
[SourceVersion "1"]
[SourceVersionDate "2008.06.24"]
[SourceQuality "1"]

1. e4 c5 2. f4 e6 3. Nf3 Be7 4. c4 Nh6 5. Be2 0-0 6. 0-0 Qb6 7. Nc3 Nc6 8. h3 Nd4 9. Bd3 Nxf3+ 10. Qxf3 d5 11. exd5 exd5 12. Nxd5 Qd6 13. f5 Bf6 14. Bc2 b6 15. Ne3 Bd7 16. Be4 Rae8 17. Bd5 Bd4 18. Kh1 Bxe3 19. dxe3 Nxf5 20. Rd1 Ng3+ 21. Kg1 Qc7 22. e4 Be6 23. Re1 Bxd5 24. cxd5 Qe5 25. Bf4 Qd4+ 26. Kh2 Nxe4 27. Rad1 Qxb2 28. Rxe4 Rxe4 29. Qxe4 Qxa2 30. d6 Qe6 31. Qxe6 fxe6 32. d7 1-0

[Event "IECG TE.2005.P.02002"]
[Site "IECG email"]
[Date "2005.12.19"]
[Round "?"]
[White "Gomez Galan Arense, Joaquin"]
[Black "Manaschev, Erlan"]
[Result "1-0"]
[WhiteElo "2012"]
[BlackElo "800"]
[PlyCount "53"]
[EventDate "2005.12.19"]
[EventType "tourn (corr)"]
[EventRounds "8"]
[SourceTitle "Corr 2008"]
[Source "ChessBase"]
[SourceDate "2008.06.24"]
[SourceVersion "1"]
[SourceVersionDate "2008.06.24"]
[SourceQuality "1"]

1. e4 e5 2. Nf3 Nc6 3. c3 Bc5 4. d4 exd4 5. cxd4 Bb4+ 6. Bd2 Bxd2+ 7. Qxd2 Qe7 8. Nc3 Nf6 9. e5 Ng4 10. Nd5 Qd8 11. Qg5 Qxg5 12. Nxg5 Rb8 13. Nxc7+ Kf8 14. Bc4 Nxd4 15. Nxf7 Nc2+ 16. Kd2 Nxa1 17. Rxa1 Rg8 18. f3 Nxh2 19. Nd6 Rh8 20. Bd5 h5 21. Rh1 Nxf3+ 22. Bxf3 Rh6 23. Ncb5 a6 24. Na7 Re6 25. Naxc8 Rxc8 26. Nxc8 Rxe5 27. Rxh5 1-0

[Event "IECG TE.2005.P.02002"]
[Site "IECG email"]
[Date "2005.12.19"]
[Round "?"]
[White "Manaschev, Erlan"]
[Black "Gomez Galan Arense, Joaquin"]
[Result "0-1"]
[WhiteElo "800"]
[BlackElo "2012"]
[PlyCount "40"]
[EventDate "2005.12.19"]
[EventType "tourn (corr)"]
[EventRounds "8"]
[SourceTitle "Corr 2008"]
[Source "ChessBase"]
[SourceDate "2008.06.24"]
[SourceVersion "1"]
[SourceVersionDate "2008.06.24"]
[SourceQuality "1"]

1. e4 e5 2. Nf3 Nc6 3. c3 Nf6 4. d4 Nxe4 5. dxe5 Bc5 6. Be3 Bxe3 7. fxe3 d5 8. exd6 Nxd6 9. Bd3 Qe7 10. Qe2 Bg4 11. Nbd2 0-0 12. 0-0-0 Rfe8 13. h3 Bxf3 14. Qxf3 Ne5 15. Qe2 Nxd3+ 16. Qxd3 Qxe3 17. Qd5 Re5 18. Rhe1 Qxe1 19. Qxb7 Nxb7 20. Rxe1 Rxe1+ 0-1

[Event "IECG TE.2005.P.01915"]
[Site "IECG email"]
[Date "2005.06.19"]
[Round "?"]
[White "Manaschev, Erlan"]
[Black "Garcia Medinilla, Daniel"]
[Result "0-1"]
[WhiteElo "800"]
[BlackElo "1600"]
[PlyCount "52"]
[EventDate "2005.06.19"]
[EventType "tourn (corr)"]
[EventRounds "8"]
[SourceTitle "Corr 2008"]
[Source "ChessBase"]
[SourceDate "2008.06.24"]
[SourceVersion "1"]
[SourceVersionDate "2008.06.24"]
[SourceQuality "1"]

1. d4 d5 2. e4 dxe4 3. Nc3 Nf6 4. f3 exf3 5. Nxf3 Bg4 6. h3 Bf5 7. Ne5 e6 8. g4 Be4 9. Rg1 Bb4 10. Bd2 Qxd4 11. Ne2 Bxd2+ 12. Qxd2 Qxe5 13. 0-0-0 Nc6 14. g5 Rd8 15. Qe1 Rxd1+ 16. Qxd1 Nd5 17. Qd2 Qh2 18. b3 Qf2 19. c4 Ne3 20. g6 Ne5 21. gxf7+ Kxf7 22. Qa5 Rd8 23. Qxc7+ Ke8 24. Qxe5 Qe1+ 25. Kb2 Nxc4+ 26. bxc4 Qb4+ 0-1

[Event "IECG TE.2005.P.01915"]
[Site "IECG email"]
[Date "2005.06.19"]
[Round "?"]
[White "Perez, Giorgio"]
[Black "Manaschev, Erlan"]
[Result "1-0"]
[WhiteElo "1803"]
[BlackElo "800"]
[PlyCount "67"]
[EventDate "2005.06.19"]
[EventType "tourn (corr)"]
[EventRounds "8"]
[SourceTitle "Corr 2008"]
[Source "ChessBase"]
[SourceDate "2008.06.24"]
[SourceVersion "1"]
[SourceVersionDate "2008.06.24"]
[SourceQuality "1"]

1. d4 d5 2. e4 dxe4 3. Nc3 Nf6 4. f3 exf3 5. Nxf3 Bg4 6. Bc4 e6 7. h3 Bh5 8. Bg5 c6 9. 0-0 Be7 10. Ne2 Bxf3 11. Rxf3 b5 12. Bd3 Na6 13. a4 Nb4 14. axb5 Nxd3 15. Qxd3 0-0 16. bxc6 Qd5 17. Bxf6 Bxf6 18. Ra6 Rfc8 19. c4 Qg5 20. b4 Qh4 21. Rf1 g6 22. g3 Qg5 23. h4 Qh6 24. Rxf6 Qg7 25. Rf1 Qf8 26. b5 Rd8 27. Rfa1 e5 28. c7 Rd7 29. b6 Rxc7 30. bxc7 exd4 31. Rxa7 Rxa7 32. Rxa7 Qc8 33. Qxd4 h5 34. Qd8+ 1-0

[Event "IECG TE.2005.P.01802 email"]
[Site "IECG email"]
[Date "2005.03.24"]
[Round "?"]
[White "Baroin, Bernard"]
[Black "Manaschev, Erlan"]
[Result "1-0"]
[WhiteElo "2063"]
[BlackElo "800"]
[PlyCount "45"]
[EventDate "2005.03.24"]
[EventType "tourn (corr)"]
[EventRounds "8"]
[SourceTitle "Corr 2008"]
[Source "ChessBase"]
[SourceDate "2008.06.24"]
[SourceVersion "1"]
[SourceVersionDate "2008.06.24"]
[SourceQuality "1"]

1. d4 Nf6 2. c4 c5 3. d5 b5 4. Nf3 g6 5. cxb5 a6 6. Qc2 d6 7. e4 Bg7 8. Nc3 0-0 9. a4 axb5 10. Bxb5 Na6 11. 0-0 Nb4 12. Qe2 Ba6 13. Bd2 Bxb5 14. Nxb5 Nc2 15. Rac1 Nd4 16. Nbxd4 cxd4 17. a5 Ng4 18. b4 e6 19. dxe6 fxe6 20. Ng5 h5 21. Nxe6 d3 22. Qxd3 Be5 23. Nxd8 1-0